000 00800nam a2200253 i 4500
001 bg
245 0 0 _aTraktat o Unii Europejskiej :
_bkomentarz /
_cred. Kazimierz Lankosz ; aut. Agata Capik [et al.].
260 _aWarszawa :
_bC. H. Beck,
_c2003.
300 _aXXXIV, 617 s. ;
_c21 cm.
490 1 _aKomentarze Becka
504 _aBibliogr. - Indeks.
650 9 _aTraktat o Unii Europejskiej
700 1 _aLANKOSZ, Kazimierz.
_erd
700 1 _aCAPIK, Agata
830 _aKomentarze Becka
020 _a8373870806
040 _cBPK
041 0 _apol
080 _a341.24(4-67)
920 _a83-7387-080-6
942 _cKS
008 s pl f |000 0 pol
999 _c43512
_d43512
856 _uhttp://koha.tu.koszalin.pl/cgi-bin/koha/opac-detail.pl?biblionumber=43512
_yKatalog online BPK